000
00222 a2200109 4500
020
_a
9780060283766
041
_a
eng
100
_a
Margaret Wise Brown
245
_a
Two Little Trains
942
_c
BK
952
_7
1
_x
Infantil
999
_c
25816
_d
25816